000 00304nam a22001337a 4500
008 170523b xxu||||| |||| 00| 0 eng d
020 _a9780205265213
041 _aeng
080 _a94
100 _a16
101 _aSHH
245 _aCONTEMPORARY INTERNATIONAL RELATIONS
_cPAPP, D.S
942 _2udc
_cBK
999 _c13898
_d13898